000
00182 a2200097 4500
020
_a
9780823961146
041
_a
spa
100
_a
Kirkpatrick, Rob
245
_a
Sammy Sosa
942
_c
BK
999
_c
5989
_d
5989